000 00529nam a2200193Ia 4500
003 LK-CoDNM
005 20241212150358.0
008 130527t2011 xxu||||| |||| 00| 0 sin d
040 _aLK-CoDNM
_dLK-CoDNM
_eLK-CoDNM
041 _asin
080 _aX8S1
_bYAP
100 _aYapa,Piyasiri Amilasith
245 _aඋයන් තෙර වසන්තය
246 _aUyan Thera Wasanthaya
260 _bS.n.
_aS.I.
_c2011
300 _b81p. ; 18 cm
650 _aකාව්‍ය සංග්‍රහය
942 _cBK
999 _c74728
_d74728